000 01230nam a22002417a 4500
999 _c62999
_d62999
003 Ge_BSU
005 20250428133641.0
008 250428s2009 ge ||||| |||| 00| 0 geo d
020 _a9789941126437
041 _ageo
080 _a368(075.8) : 519 ც-66
100 _aცინცაძე, ასიე
_912504
245 _aაქტუარული ანგარიშები დაზღვევაში :
_b[სახელმძღვ. ეკონ. სპეც. სტუდ.] /
_c ა. ცინცაძე, ნ. სვანიძე; [რედ. გივი გამსახურდია].
264 _aთბ. :
_bუნივერსალი,
_c2009.
300 _a240 გვ. ;
_b20 სმ.
504 _aბიბლიოგრ.: გვ. 238-239.
653 _aდაზღვევა
653 _aაქტუარული ანგარიშები
653 _aმათემატიკური სტატისტიკის გამოყენება.
700 _aსვანიძე, ნინო.
_eავტორი
_913337
700 _aგამსახურდია, გივი
_eრედაქტორი
_915599
942 _2udc
_cᲬᲘᲒᲜᲘ